Handbook of psychological tests (Record no. 58501)
[ view plain ]
| 000 -LEADER | |
|---|---|
| fixed length control field | 00594nam a22001937a 4500 |
| 003 - CONTROL NUMBER IDENTIFIER | |
| control field | URS |
| 005 - DATE AND TIME OF LATEST TRANSACTION | |
| control field | 20230809162054.0 |
| 040 ## - CATALOGING SOURCE | |
| Transcribing agency | URS |
| 100 ## - MAIN ENTRY--PERSONAL NAME | |
| 9 (RLIN) | 2078 |
| Personal name | De Jesus, Evangeline M. |
| Relator term | author |
| 245 ## - TITLE STATEMENT | |
| Title | Handbook of psychological tests |
| Remainder of title | theories, administration, scoring, and applications |
| Statement of responsibility, etc | Evangeline M. De Jesus |
| 260 ## - PUBLICATION, DISTRIBUTION, ETC. (IMPRINT) | |
| Place of publication, distribution, etc | Manila |
| Name of publisher, distributor, etc | Rex Book Store |
| Date of publication, distribution, etc | 1998 |
| 300 ## - PHYSICAL DESCRIPTION | |
| Extent | 206 pages |
| 336 ## - CONTENT TYPE | |
| Source | rdacontent |
| Content type term | text |
| Content type code | txt |
| 337 ## - MEDIA TYPE | |
| Source | rdamedia |
| Media type term | unmediated |
| Media type code | n |
| 338 ## - CARRIER TYPE | |
| Source | rdacarrier |
| Carrier type term | volume |
| Carrier type code | nc |
| 650 #0 - SUBJECT ADDED ENTRY--TOPICAL TERM | |
| Topical term or geographic name as entry element | Psychological tests. |
| 9 (RLIN) | 2079 |
| 650 #0 - SUBJECT ADDED ENTRY--TOPICAL TERM | |
| 9 (RLIN) | 2080 |
| Topical term or geographic name as entry element | Psychometrics |
| 942 ## - ADDED ENTRY ELEMENTS (KOHA) | |
| Source of classification or shelving scheme | Library of Congress Classification |
| Koha item type | Filipiniana |
| Call number prefix | FIL |
| Withdrawn status | Lost status | Source of classification or shelving scheme | Damaged status | Not for loan | Home library | Current library | Date acquired | Total Checkouts | Barcode | Date last seen | Price effective from | Koha item type |
|---|---|---|---|---|---|---|---|---|---|---|---|---|
| Library of Congress Classification | Binangonan College Library | Binangonan College Library | 08/22/2022 | URSBIN-711 | 08/22/2022 | 08/22/2022 | Filipiniana | |||||
| Library of Congress Classification | Binangonan College Library | Binangonan College Library | 08/22/2022 | URSBIN-712 | 08/22/2022 | 08/22/2022 | Filipiniana | |||||
| Library of Congress Classification | Binangonan College Library | Binangonan College Library | 08/22/2022 | URSBIN-713 | 08/22/2022 | 08/22/2022 | Filipiniana | |||||
| Library of Congress Classification | Binangonan College Library | Binangonan College Library | 08/22/2022 | URSBIN-715 | 08/22/2022 | 08/22/2022 | Filipiniana |